OPAC Home

2015 ඔබේ ලග්නයට: මකර (Record no. 6029)

MARC details
000 -LEADER
fixed length control field 00538nam a2200193Ia 4500
008 - FIXED-LENGTH DATA ELEMENTS--GENERAL INFORMATION
fixed length control field 180921t2014 xxu||||| |||| 00| 0 sin d
041 ## - LANGUAGE CODE
Language code of text/sound track or separate title sin
080 ## - UNIVERSAL DECIMAL CLASSIFICATION NUMBER
Universal Decimal Classification number 133.52
Item number WAN
003 - CONTROL NUMBER IDENTIFIER
control field LK-CoDNM
040 ## - CATALOGING SOURCE
Original cataloging agency LK-CoDNM
Modifying agency LK-CoDNM
Description conventions LK-CoDNM
100 ## - MAIN ENTRY--PERSONAL NAME
Personal name Wanigarathna, Asiri
245 ## - TITLE STATEMENT
Title 2015 ඔබේ ලග්නයට: මකර
246 ## - VARYING FORM OF TITLE
Title proper/short title 2015 Obe Lagnayata : Makara
260 ## - PUBLICATION, DISTRIBUTION, ETC.
Name of publisher, distributor, etc. Colombo Astrology Centre
Place of publication, distribution, etc. Dehiwala
Date of publication, distribution, etc. 2014
300 ## - PHYSICAL DESCRIPTION
Other physical details 48p, 30cm
700 ## - ADDED ENTRY--PERSONAL NAME
Personal name Erandi Disanayaka
Relator term ed.
700 ## - ADDED ENTRY--PERSONAL NAME
Personal name Sadali Geethma
Relator term ed.
942 ## - ADDED ENTRY ELEMENTS (KOHA)
Koha item type Books
Holdings
Withdrawn status Lost status Damaged status Not for loan Collection Home library Current library Date acquired Full call number Barcode Date last seen Price effective from Koha item type
        Monographs Library National Museum Colombo - Sri Lanka Library National Museum Colombo - Sri Lanka 2016-12-21 133.52 WAN P40013 2023-06-01 2023-06-01 Books
Copyright © 2023 Department of National Museum, Colombo 07, Sri Lanka Funded by UNESCO IFAP UNESCO